<?xml version="1.0" encoding="UTF-8"?>
<collection xmlns="http://www.loc.gov/MARC21/slim">
 <record>
  <leader>01645nam a2200193Ia 4500</leader>
  <controlfield tag="001">CTU_210332</controlfield>
  <controlfield tag="008">210402s9999    xx            000 0 und d</controlfield>
  <datafield tag="082" ind1=" " ind2=" ">
   <subfield code="a">519.6</subfield>
  </datafield>
  <datafield tag="082" ind1=" " ind2=" ">
   <subfield code="b">Gi108</subfield>
  </datafield>
  <datafield tag="245" ind1=" " ind2="0">
   <subfield code="a">Giáo trình lý thuyết tối ưu</subfield>
  </datafield>
  <datafield tag="245" ind1=" " ind2="0">
   <subfield code="c">Dự án PT GV THPT &amp;TCCN. Trường Đại học Sư phạm Hà Nội 2</subfield>
  </datafield>
  <datafield tag="260" ind1=" " ind2=" ">
   <subfield code="a">Cần Thơ</subfield>
  </datafield>
  <datafield tag="260" ind1=" " ind2=" ">
   <subfield code="b">Nxb. Đại học Cần Thơ</subfield>
  </datafield>
  <datafield tag="260" ind1=" " ind2=" ">
   <subfield code="c">2013</subfield>
  </datafield>
  <datafield tag="520" ind1=" " ind2=" ">
   <subfield code="a">Nội dung quyển sách trình bày những nội dung cơ bản nhất của lý thuyết tối ưu. Giáo trình gồm 4 chương: chương 1 trình bày tóm tắt một số khái niệm của giải tích cổ điển và của giải tích lồi, làm công cụ để trình bày 3 chương sau. Chương 2 trình bày khái niệm bài toán tối ưu và một số khái niệm liên quan, một số định lý tồn tại nghiệm đầu tiên cho bài toán tối ưu. Chương 3 tập trung trình bày về những vấn đề cơ bản của lý thuyết tối ưu tuyến tính, từ những định nghĩa đầu tiên cho tới những thuật toán điển hình về quy hoạch tuyến tính. Chương 4 trình bày về một số nội dung của lý thuyết tối ưu phi tuyến.</subfield>
  </datafield>
  <datafield tag="650" ind1=" " ind2=" ">
   <subfield code="a">Mathematical optimization,Mathematical optimization,Toán tối ưu,Toán tối ưu</subfield>
  </datafield>
  <datafield tag="650" ind1=" " ind2=" ">
   <subfield code="x">Textbooks,Giáo trình</subfield>
  </datafield>
  <datafield tag="904" ind1=" " ind2=" ">
   <subfield code="i">Qhieu</subfield>
  </datafield>
  <datafield tag="980" ind1=" " ind2=" ">
   <subfield code="a">Trung tâm Học liệu Trường Đại học Cần Thơ</subfield>
  </datafield>
 </record>
</collection>
